000 00818nam a2200289Ia 4500
999 _c3499
_d3499
001 11532
003 GBCCL
005 20241126110456.0
008 811112s1981 ilu 00010 eng d
010 _a 80054723
020 _a0882072285
035 _aOCM07934194
040 _aKAT
_cKAT
_dm/c
_dLBB
049 _aLBBK
082 _a253.52
_bSEA
090 _aBS680.E4
_bS43
092 _a152.4
_bS438
100 1 0 _aSeamands, David A.
_97043
245 1 0 _aHealing for damaged emotions /
_cDavid A. Seamands.
260 0 _aWheaton, Ill. :
_bVictor Books,
_cc1981.
300 _a144 p. ;
_c21 cm.
500 _a"A Victor adult elective/13 sessions"--Cover 4.
650 0 _aEmotions
_xBiblical teaching.
_97044
650 0 _aDepression, Mental.
_97045
650 0 _aPastoral psychology.
_9176
942 _2ddc
_cBK
_08